MDQL
is popping MORE tags! Check the
thread
!
Quizzes
Events
Quiz Creation
Community
Videos
Private Events
Remove Ads
Sign In
Join for FREE
Feedback
Dark Mode
Quiz Categories
Sports
Geography
Music
Movies
Television
Just For Fun
Miscellaneous
History
Literature
Language
Science
Gaming
Entertainment
Religion
Holiday
For Kids
Quiz Lab
Recent
Popular Today
Quiz Kudos Today
Editor Picks
Curator Picks
Quizzes by...
Day
Popularity
Type
Ratings
Length
Year
Community
Subscriptions
Recent Discussions
Orange Saloon
Badges
Playlists
Quests
Create
Leaderboards
Showdown
Live 5
Trivia Bingo
Activity
Puzzle Library
Sporcle Events
Private Events
Virtual Trivia
Globe League
Become a Host
Pub Owners
SporcleCon
Opinionation
Our Games
Videos
Blog
Mobile Apps
Partnerships
Remove Ads and Go Orange
Feedback
Music
Pop Music
The Beatles
Song
Album
Lyrics
Bands
Singers
Artist
Clip
Rock
Rap
Classical
Billboard
Country Music
Kpop
Taylor Swift
Music
Pop Music
The Beatles
Song
Album
Lyrics
Bands
Singers
Artist
Clip
Rock
Rap
Classical
Billboard
Country Music
Kpop
Taylor Swift
Random Quiz
Search Sporcle
×
Quiz Lab
Quiz Lab
Music
Kpop
Type in answers that appear in a list
Type in answers that appear in a list
Classic
Best Score? Go Orange.
Name the Kpop Group by Song Title Stats
Name the Kpop Group by Song Title
By
ogdenc
15m
62 Questions
2,790 Plays
2,790 Plays
2,790 Plays
Comments
Comments
Give Quiz Kudos
Give Quiz Kudos
-
- Ratings
hide this ad
Forced Order
Answers have to be entered in order
Answers have to be entered in order
Replay
Link that replays current quiz
Next Quiz
Link to next quiz in quiz playlist
You Got
0%
They Got
Avg Score
53%
Avg Friend Score
Upgrade to see
Score Distribution
Jump to the score distribution portion of the page
Score
0/62
Timer
15:00
0
Plays Today
Song
Group
% Correct
I NEED U
BTS
96.5%
4 Walls
f(x)
89.9%
Like OOH-
AHH
TWICE
89.9%
Dumb Dumb
Red Velvet
89.8%
Adore U
Seventeen
89.4%
Like A Cat
AOA
88.6%
Rhythm Ta
iKon
88.6%
A
GOT7
87.7%
Mr. Mr
Girls Generation
86.4%
Me Gustas Tu
GFriend
86%
Haru Haru
BIG BANG
84.5%
Come Back Home
2NE1
84.4%
NoNoNo
Apink
83.3%
Hot Pink
EXID
82.3%
Crazy
4Minute
80.6%
Something
Girls Day
77.9%
My House
2PM
77.6%
Her
Block B
77.4%
Hero
Monsta X
76.9%
Sugar Free
T-ARA
74.5%
Congratulations
DAY6
73.5%
Hush
Miss A
72.5%
Cinderella
CNBLUE
71.9%
HIDE&SEEK
Astro
68.4%
Feel So Good
B.A.P
65.5%
EMPTY
WINNER
64.9%
What Is Love
EXO
62.9%
The Chaser
Infinite
62.4%
EOEO
UNIQ
57.9%
Vibrato
Stellar
52.6%
Alone
Sistar
51.4%
Song
Group
% Correct
Rock UR Body
VIXX
51%
Knock
KNK
50.6%
Hurt Locker
Nine Muses
49.6%
Insane
BTOB
48.3%
Closer
Oh My Girl
48.1%
Mona Lisa
MBLAQ
45.4%
Evanesce
Super Junior
44%
NEVERLAND
U-KISS
43.6%
Black Swan
Rainbow
40%
Back Seat
JYJ
38.3%
This Love
SHINHWA
38.1%
Shampoo
After School
37.2%
Breath
B2ST
36.4%
So Hot
Wonder Girls
35.1%
Colorful
SHINee
34.2%
Tried To Walk
B1A4
34.2%
Good Bye Bye
NU'EST
34%
I Yah
Boyfriend
29.4%
Play With Me
CROSS GENE
28.8%
Missing
TEEN TOP
26.4%
I Hope
FT Island
21.5%
I'm In Love
Secret
21.5%
The Ghost Of Wind
ZE:A
21.2%
Baby I'm Sorry
MYNAME
16.8%
Before U Go
TVXQ!
14.1%
Never Let You Go
2AM
13.6%
Bad Boy
100%
12.7%
Hurry Up
24K
9.5%
Day By Day
HIGH4
9.2%
Left Out
The Legend
8.3%
One Love
F.CUZ
3.7%
Quiz Playlist
Details
Report
Send in Message
Add To Playlist
Classic:
Type in answers that appear in a list
Forced Order:
Answers have to be entered in order
Last Updated: Feb 16, 2017
Quiz Scoreboard
CHALLENGE
Sign Up to Join the Scoreboard
Show All
Scores
Hide
Comments
May contain spoilers
Recently Published
Street Fighter Characters
by Artimus82
Gaming
60s
9x9 Crossword: Cartoon Network
by jackfrog10
Miscellaneous
3m
College Basketball Coaching Resumes
by pancakes188
Sports
9m
More to Explore
Quiz From the Vault
Featured Blog Post
Where Did the Easter Bunny Come From?
hide this ad
You Might Also Like...
Tags
Kpop Quiz
Kpop Quiz
Today's Top Quizzes in Music
Browse Music
hide this ad
Today's Top Quizzes in Kpop
Browse Kpop
Top Contributed Quizzes in Music
1
Taylor Swift All Songs (2024)
2
Taylor Swift Logic Puzzle
3
Guess the Artist- 70s Songs
4
7-to-1: Billboard Hot 100 #1 Hits of 2010s
5
Sorting Albums and Songs
6
KPOP LOGIC QUIZ
7
Guess the Taylor Swift song (Mystery Song)
8
Guess The Taylor Swift Lyrics Song #1
9
Billboard Blitz: ABBA
10
Billboard Blitz: The Beatles
Explore More
Trending Topics
Kpop
Disney
NBA
Harry Potter
Anime
Crossword
Marvel
WWE
Country
Song
Puzzle
Soccer
The Office
NFL
Pokémon
hide this ad
More By:
ogdenc
Quiz
Plays
Rating
Category
Featured
Created
Kpop Idol Look Alikes
6,308
3.90
Music
Apr 28, 2016
Name the Kpop Group by Song Title
2,790
4.18
Music
Mar 28, 2016
K-Pop Boy Group Members
1,988
4.60
Music
Dec 21, 2016
Kpop Groups' Music Videos Part 1 (Read Description)
1,870
4.50
Music
Mar 26, 2016
Cross Dressing Male Idols
1,204
3.50
Music
Mar 30, 2016
Go to Creator's Profile
Score Distribution
Quiz Creator Spotlight
ogdenc
Follow
Send a Message
Quizzes Created
-
Created Quiz Play Count
-
More By This Creator
Popular Quizzes Today
1
Find the US States - No Outlines Minefield
2
Find the Countries of Europe - No Outlines Minefield
3
The Countries of the World
4
Find the US States
5
Risky Map Clicking: Biggest States A-Z
6
US States
7
Popular People in 1961
8
Movies - When Are They Set?
More Music Quizzes
ABCD in Music
Published
Trending Quizzes
Risky Map Clicking: Least Populous States A-Z
Countries of the World: 200 Million BC
Billboard Blitz: Aretha Franklin
1-10 Letter G Words
Famous Russians: Author or Composer?
Recently Updated
Leaping Animals
pecheneg
Reality TV Shows (A-Z)
bhenderson79
Rickey Henderson's Hall of Fame Teammates
pecheneg
Champions League XIs: Arsenal
pecheneg
Quick Pick: Celebrities in WWE's Hall of Fame
aduchscher
A-Z Keypad Blitz II
pecheneg
Multiple Oscar Actors
pecheneg
Mystery Phrase Blitz: Oscar 'Best Actors'
pecheneg
F. Scott Fitzgerald Novels
LTH
Pick 3 Villains
ddd62291
Trending Topics
NBA
Kpop
Marvel
Anime
Disney
Crossword
Harry Potter
Song
NFL
Puzzle
Country
WWE
Soccer
The Office
Pokémon
Your Account Isn't Verified!
In order to create a playlist on Sporcle, you need to verify the email address you used during registration. Go to your
Sporcle Settings
to finish the process.
Report this User
Report this user for behavior that violates our
Community Guidelines
.
Details:
Send Report
Go to the Sporcle.com Mobile Site →
Comments